Computer Aided Civil Engineering Drawing (Record no. 21983)

MARC details
000 -LEADER
fixed length control field 00386nam a22001457a 4500
008 - FIXED-LENGTH DATA ELEMENTS--GENERAL INFORMATION
fixed length control field 260213b |||||||| |||| 00| 0 eng d
020 ## - INTERNATIONAL STANDARD BOOK NUMBER
ISBN 978-93-5538218-4
100 ## - MAIN ENTRY--AUTHOR NAME
Personal name D. Chandra Mouli & B Swathi
245 ## - TITLE STATEMENT
Title Computer Aided Civil Engineering Drawing
260 ## - PUBLICATION, DISTRIBUTION, ETC. (IMPRINT)
Place of publication New Delhi
Name of publisher Khanna Book Pun
Year of publication 2025
300 ## - PHYSICAL DESCRIPTION
Number of Pages 156
650 ## - SUBJECT ADDED ENTRY--TOPICAL TERM
Topical Term Civil
942 ## - ADDED ENTRY ELEMENTS (KOHA)
Source of classification or shelving scheme Dewey Decimal Classification
Koha item type Books
Holdings
Accession Number Cost, normal purchase price Bill Date Source of acquisition Price effective from Koha item type Withdrawn / writtenoff status Damaged status Not for loan Permanent Location Current Location Shelving location Date acquired Lost/ Missing status department
BE 25246 398.00 27-01-2025 Radha Krishna Anand & Co, Jammu 02/13/2026 Books     Not For Loan MIET Library, Jammu MIET Library, Jammu 156/1 02/13/2026   BE
BE 25247 398.00 27-01-2025 Radha Krishna Anand & Co, Jammu 02/13/2026 Books       MIET Library, Jammu MIET Library, Jammu 117/1 02/13/2026   BE